Direito regulatr̤io & teoria da interpretaȯ̂ Como interpretar e aplicar Direitos Complexos /

Detalles Bibliográficos
Autor principal: de Oliveira, Daniel Almeida
Formato: eBook
Lenguaje:portugués
Publicado: Rio de Janeiro: Synergia Editora, 2015
Materias:
Acceso en línea:Acceso restringido

MARC

LEADER 00000nam a22000007a 4500
005 20190816235317.0
007 cr|||| |||
008 190816s2015 br |||||s|||| 00||0 por d
020 |a 978-85-68483-03-9 
035 |a 24106 
040 |a vLex 
090 |c 9225  |d 9225 
100 1 |a de Oliveira, Daniel Almeida 
245 1 0 |a Direito regulatr̤io & teoria da interpretaȯ̂  |h [Recurso electrn̤ico] :  |b Como interpretar e aplicar Direitos Complexos /  |c Daniel Almeida de Oliveira 
256 |a Servicio en ln̕ea 
260 |a Rio de Janeiro:  |b Synergia Editora,  |c 2015 
300 |a 1 recurso electrn̤ico 
500 |a A aplicaȯ̂ e interpretaȯ̂ desse novs̕simo ramo do Direito tem gerado incontv̀eis controvřsias, seja no ambiente acadm̊ico, nos procedimentos arbitrais e/ou nos Tribunais Brasileiros. É fato que essa nova especialidade se caracteriza como um direito complexo, circundado de peculiaridades que surpreendem os profissionais e os julgadores porque a sua interpretaȯ̂, em muitas das vezes, vai alm̌ do simples texto normativo. Esta importante e relevńcia publicaȯ̂ certamente servir ̀para orientar os interpretes e os aplicadores do Direito Regulatr̤io, em quaisquer dos trs̊ Poderes e tambm̌ no setor privado. O ineditismo do tema j ̀evidencia o notv̀el saber jurd̕ico de que dispe̳ o seu autor. Um talento que, como se confirma na leitura deste livro, muito ainda contribuir ̀para o aperfeiȯamento do Direito Regulatr̤io no Brasil. Este livro nô diz como se deve interpretar o Direito. Indica como cada profissional que precise saber ou aplicar o Direito deve interpretar e aplicar a legislaȯ̂ caso queira obter o “melhor Direito”, especialmente se estiver diante de um Direito Complexo, como ̌o caso do Direito Regulatr̤io. 
506 1 |a Disponible solo en los productos indicados  |d vLex Global  |d vLex Global (Academic Edition, excluding Law Schools)  |d vLex Global (U.S. Academic Edition, Law Schools)  |d vLex Global (U.S. Academic Edition, excluding Law Schools)  |d vLex Global (Academic Edition, Law Schools) 
650 0 4 |a Derecho Civil  |z Brasil 
740 0 |a vLex Libros (Servicio en ln̕ea) 
856 4 0 |u http://vlex.com/source/direito-regulatorio-teoria-da-interpreta-o-como-interpretar-e-aplicar-direitos-complexos-24106  |z Acceso restringido 
942 |c BOOK 
999 0 |a Civil Law